000 00585cam a2200181 4500500
005 20251228090828.0
041 _afre
042 _adc
100 1 0 _aMarcy, Robert
_eauthor
700 1 0 _aHaye, François
_eauthor
700 1 0 _aLachenaud, Guy
_eauthor
700 1 0 _aDaudin, Claire
_eauthor
245 0 0 _aPages de fin
260 _c2018.
500 _a70
786 0 _nBulletin de l’Amitié Charles Péguy | 161 | 1 | 2018-04-20 | p. 75-75 | 0180-8567
856 4 1 _uhttps://shs.cairn.info/revue-bulletin-de-lamitie-charles-peguy-2018-1-page-75?lang=fr&redirect-ssocas=7080
999 _c1602768
_d1602768